[Event "DVM U12 2017"]
[Site "Magdeburg GER"]
[Date "2017.12.27"]
[Round "2"]
[White "Reichmann, Felix"]
[Black "Joppich, Til"]
[Result "1-0"]
[Termination "normal"]
[Board "2.3"]
[WhiteElo "1628"]
[BlackElo "1758"]
[WhiteClock "00:40:26"]
[BlackClock "00:01:30"]
[WhiteTeam "SF Nordost Berlin"]
[BlackTeam "Schachzwerge Magdeburg"]
[PlyCount "67"]
[WhiteFideId "16238290"]
[BlackFideId "16232917"]
[EventCountry "GER"]
[EventRounds "7"]
[EventType "team-swiss"]
[EventDate "2017.12.26"]

1. c4 {[%clk 1:30:57]} e5 {[%clk 1:30:55]} 2. g3 {[%clk 1:31:21]} Nf6 {[%clk
1:31:20]} 3. Bg2 {[%clk 1:31:32]} d5 {[%clk 1:31:45]} 4. cxd5 {[%clk 1:31:54]}
Nxd5 {[%clk 1:32:10]} 5. Nc3 {[%clk 1:32:02]} Nb6 {[%clk 1:32:33]} 6. e3 {[%clk
1:32:14]} Be7 {[%clk 1:27:19]} 7. Nge2 {[%clk 1:31:45]} O-O {[%clk 1:27:31]} 8.
O-O {[%clk 1:31:53]} Nc6 {[%clk 1:27:27]} 9. b3 {[%clk 1:31:11]} Bf5 {[%clk
1:11:59]} 10. d4 {[%clk 1:29:48]} Bf6 {[%clk 0:56:30]} 11. Bb2 {[%clk 1:25:20]}
Re8 {[%clk 0:51:00]} 12. d5 {[%clk 1:23:32]} Nb4 {[%clk 0:45:59]} 13. e4 {[%clk
1:23:13]} Bg6 {[%clk 0:46:24]} 14. a3 {[%clk 1:19:09]} Na6 {[%clk 0:46:33]} 15.
Rc1 {[%clk 1:19:25]} Qe7 {[%clk 0:46:43]} 16. Nb5 {[%clk 1:18:02]} Red8 {[%clk
0:40:26]} 17. a4 {[%clk 1:17:08]} c6 {[%clk 0:38:54]} 18. Ba3 {[%clk 1:16:07]}
Qd7 {[%clk 0:32:35]} 19. dxc6 {[%clk 1:14:24]} Qxd1 {[%clk 0:30:00]} 20. Rfxd1
{[%clk 1:14:01]} Rxd1+ {[%clk 0:29:06]} 21. Rxd1 {[%clk 1:13:39]} bxc6 {[%clk
0:29:14]} 22. Nd6 {[%clk 1:11:04]} Rd8 {[%clk 0:29:19]} 23. Rc1 {[%clk
1:10:25]} c5 {[%clk 0:28:22]} 24. Nb7 {[%clk 0:57:36]} Rd2 {[%clk 0:19:01]} 25.
Nxc5 {[%clk 0:55:12]} Nxc5 {[%clk 0:18:05]} 26. Bxc5 {[%clk 0:55:35]} h6 {[%clk
0:12:22]} 27. Nc3 {[%clk 0:52:59]} Bg5 {[%clk 0:11:19]} 28. h4 {[%clk 0:51:59]}
Bf6 {[%clk 0:09:36]} 29. a5 {[%clk 0:44:00]} Nc8 {[%clk 0:06:50]} 30. Nd5
{[%clk 0:41:32]} Bd8 {[%clk 0:06:15]} 31. Bb4 {[%clk 0:40:25]} Rxd5 {[%clk
0:02:04]} 32. exd5 {[%clk 0:39:59]} Ne7 {[%clk 0:01:53]} 33. d6 {[%clk
0:40:09]} Nf5 {[%clk 0:01:30]} 34. Rc8 {[%clk 0:40:26]} 1-0

[Event "DVM U12 2017"]
[Site "Magdeburg GER"]
[Date "2017.12.27"]
[Round "2"]
[White "Khanbekyan, Areg"]
[Black "Beck, Felix"]
[Result "1/2-1/2"]
[Termination "normal"]
[Board "2.4"]
[WhiteElo "1597"]
[BlackElo "1409"]
[WhiteClock "00:38:21"]
[BlackClock "00:26:25"]
[WhiteTeam "Schachzwerge Magdeburg"]
[BlackTeam "SF Nordost Berlin"]
[PlyCount "70"]
[WhiteFideId "12993727"]
[BlackFideId "16255364"]
[EventCountry "GER"]
[EventRounds "7"]
[EventType "team-swiss"]
[EventDate "2017.12.26"]

1. e4 {[%clk 1:30:57]} c6 {[%clk 1:30:55]} 2. c4 {[%clk 1:31:07]} d5 {[%clk
1:26:41]} 3. exd5 {[%clk 1:31:31]} cxd5 {[%clk 1:26:59]} 4. cxd5 {[%clk
1:31:56]} Qxd5 {[%clk 1:27:02]} 5. Nc3 {[%clk 1:32:01]} Qd8 {[%clk 1:27:11]} 6.
d4 {[%clk 1:31:48]} Bf5 {[%clk 1:27:21]} 7. Nf3 {[%clk 1:31:46]} Nf6 {[%clk
1:27:28]} 8. Bc4 {[%clk 1:31:05]} a6 {[%clk 1:25:12]} 9. O-O {[%clk 1:30:22]}
e6 {[%clk 1:25:21]} 10. Re1 {[%clk 1:27:46]} Be7 {[%clk 1:25:12]} 11. Ne5
{[%clk 1:22:14]} O-O {[%clk 1:24:44]} 12. Qf3 {[%clk 1:19:13]} Qc7 {[%clk
1:23:26]} 13. Bb3 {[%clk 1:18:57]} Rd8 {[%clk 1:22:06]} 14. Be3 {[%clk
1:18:25]} Nbd7 {[%clk 1:18:41]} 15. Bf4 {[%clk 1:15:45]} Nxe5 {[%clk 1:12:05]}
16. dxe5 {[%clk 1:11:29]} Nd7 {[%clk 1:06:48]} 17. Rac1 {[%clk 1:08:33]} Nc5
{[%clk 1:04:49]} 18. Ne4 {[%clk 1:04:27]} Bxe4 {[%clk 0:59:39]} 19. Rxe4 {[%clk
1:04:34]} Qc6 {[%clk 0:58:08]} 20. Re3 {[%clk 0:58:21]} Qxf3 {[%clk 0:56:12]}
21. Rxf3 {[%clk 0:58:38]} Rac8 {[%clk 0:41:40]} 22. Rfc3 {[%clk 0:57:20]} Nxb3
{[%clk 0:38:20]} 23. Rxc8 {[%clk 0:57:10]} Nxc1 {[%clk 0:38:37]} 24. Rxc1
{[%clk 0:57:36]} h6 {[%clk 0:38:39]} 25. h3 {[%clk 0:56:01]} Bg5 {[%clk
0:35:52]} 26. Bxg5 {[%clk 0:53:41]} hxg5 {[%clk 0:36:14]} 27. Rc7 {[%clk
0:53:57]} b5 {[%clk 0:36:20]} 28. Ra7 {[%clk 0:51:27]} Rd2 {[%clk 0:36:40]} 29.
Rxa6 Rxb2 {[%clk 0:37:03]} 30. Rb6 {[%clk 0:48:17]} b4 {[%clk 0:36:26]} 31. g4
{[%clk 0:41:18]} Kh7 {[%clk 0:36:16]} 32. Kg2 {[%clk 0:38:56]} Kg6 {[%clk
0:34:57]} 33. Kg3 {[%clk 0:38:00]} Rxa2 {[%clk 0:33:57]} 34. Rxb4 {[%clk
0:38:19]} Re2 {[%clk 0:32:22]} 35. Rb5 {[%clk 0:38:21]} Re4 {[%clk 0:26:25]}
1/2-1/2

[Event "DVM U12 2017"]
[Site "Magdeburg GER"]
[Date "2017.12.27"]
[Round "2"]
[White "Felten, Maximilian"]
[Black "Deutsch, Christoph"]
[Result "1/2-1/2"]
[Termination "normal"]
[Board "3.1"]
[WhiteElo "1811"]
[BlackElo "1832"]
[WhiteClock "01:23:44"]
[BlackClock "01:12:19"]
[WhiteTeam "SG Trier"]
[BlackTeam "SK Gründau"]
[PlyCount "50"]
[WhiteFideId "4004949"]
[BlackFideId "16206878"]
[EventCountry "GER"]
[EventRounds "7"]
[EventType "team-swiss"]
[EventDate "2017.12.26"]

1. d4 d5 2. Nf3 Nf6 3. c4 c6 4. Nc3 e6 5. Bf4 Be7 6. e3 Nbd7 7. h3 O-O 8. Bd3
a6 9. c5 b6 10. b4 a5 11. a3 Bb7 12. O-O Ba6 13. Bxa6 Rxa6 14. Qd3 b5 15. Rfb1
Qa8 16. Qd1 Qa7 17. Ne1 Ra8 18. Nc2 Ne4 19. Nxe4 dxe4 20. f3 Nf6 21. fxe4 Nxe4
22. Qd3 Nf6 23. Qb3 Ne4 24. Qd3 Nf6 25. Qb3 Ne4 1/2-1/2

[Event "DVM U12 2017"]
[Site "Magdeburg GER"]
[Date "2017.12.27"]
[Round "2"]
[White "Deutsch, Volker"]
[Black "Metzdorf, Matteo"]
[Result "1/2-1/2"]
[Termination "normal"]
[Board "3.2"]
[WhiteElo "1518"]
[BlackElo "1711"]
[WhiteTeam "SK Gründau"]
[BlackTeam "SG Trier"]
[PlyCount "41"]
[WhiteFideId "16206886"]
[BlackFideId "16209869"]
[EventCountry "GER"]
[EventRounds "7"]
[EventType "team-swiss"]
[EventDate "2017.12.26"]

1. e4 e6 2. d4 d5 3. exd5 exd5 4. Nf3 Bd6 5. c4 Nf6 6. Nc3 c6 7. Bd3 O-O 8. O-O
Nbd7 9. Re1 dxc4 10. Bxc4 Qc7 11. Be3 Nb6 12. Bb3 Bg4 13. h3 Bf5 14. Bc2 Bxc2
15. Qxc2 Nbd5 16. Nxd5 Nxd5 17. Qb3 Rfe8 18. Rac1 Rad8 19. Rcd1 h6 20. Qd3 Qd7
21. Qb3 1/2-1/2

[Event "DVM U12 2017"]
[Site "Magdeburg GER"]
[Date "2017.12.27"]
[Round "2"]
[White "Marschall, Tillmann"]
[Black "Deutsch, Oliver"]
[Result "1-0"]
[Termination "normal"]
[Board "3.3"]
[WhiteElo "1645"]
[BlackElo "1471"]
[WhiteClock "01:30:58"]
[WhiteTeam "SG Trier"]
[BlackTeam "SK Gründau"]
[PlyCount "39"]
[WhiteFideId "12973220"]
[BlackFideId "16206894"]
[EventCountry "GER"]
[EventRounds "7"]
[EventType "team-swiss"]
[EventDate "2017.12.26"]

1. e4 e5 2. Nf3 Nc6 3. Bb5 a6 4. Ba4 Nf6 5. d3 Be7 6. c3 b5 7. Bc2 O-O 8. O-O
d6 9. h3 Na5 10. d4 exd4 11. cxd4 c5 12. Nc3 Qc7 13. e5 dxe5 14. dxe5 Rd8 15.
Qe2 Nd5 16. Nxd5 Rxd5 17. Qe4 g6 18. Qxd5 Bb7 19. Qd3 Rd8 20. Qe2 1-0

[Event "DVM U12 2017"]
[Site "Magdeburg GER"]
[Date "2017.12.27"]
[Round "2"]
[White "Bayer, Oliver"]
[Black "La, Nhat Hao"]
[Result "0-1"]
[Termination "normal"]
[Board "3.4"]
[WhiteElo "1497"]
[BlackElo "1209"]
[WhiteClock "00:53:58"]
[BlackClock "00:50:29"]
[WhiteTeam "SK Gründau"]
[BlackTeam "SG Trier"]
[PlyCount "48"]
[WhiteFideId "16243978"]
[BlackFideId "16255313"]
[EventCountry "GER"]
[EventRounds "7"]
[EventType "team-swiss"]
[EventDate "2017.12.26"]

1. e4 {[%clk 1:30:56]} e5 {[%clk 1:30:50]} 2. Nf3 {[%clk 1:31:17]} Nc6 {[%clk
1:31:09]} 3. d4 {[%clk 1:31:36]} exd4 {[%clk 1:31:29]} 4. Bc4 {[%clk 1:31:59]}
h6 {[%clk 1:30:11]} 5. Nxd4 {[%clk 1:31:51]} Bc5 {[%clk 1:29:58]} 6. Be3 {[%clk
1:30:48]} Bb6 {[%clk 1:28:47]} 7. Nc3 {[%clk 1:29:54]} Nge7 {[%clk 1:26:47]} 8.
Qf3 {[%clk 1:23:23]} O-O {[%clk 1:25:05]} 9. Nxc6 {[%clk 1:18:07]} Nxc6 {[%clk
1:23:53]} 10. Nd5 {[%clk 1:14:45]} Ne5 {[%clk 1:21:03]} 11. Qe2 {[%clk
1:13:48]} Bxe3 {[%clk 1:16:37]} 12. fxe3 {[%clk 1:14:04]} d6 {[%clk 1:12:09]}
13. h3 {[%clk 1:09:53]} Be6 {[%clk 1:10:16]} 14. Bb3 {[%clk 1:08:45]} c6 {[%clk
1:05:03]} 15. Nf4 {[%clk 1:08:07]} Bxb3 {[%clk 1:03:39]} 16. axb3 {[%clk
1:08:19]} Qb6 {[%clk 0:59:28]} 17. O-O-O {[%clk 1:05:32]} Rfd8 {[%clk 0:58:04]}
18. g4 {[%clk 1:05:30]} a5 {[%clk 0:56:59]} 19. h4 {[%clk 1:03:39]} g6 {[%clk
0:55:01]} 20. Rdg1 {[%clk 1:02:29]} a4 {[%clk 0:54:06]} 21. bxa4 {[%clk
0:58:35]} Rxa4 {[%clk 0:53:56]} 22. Kb1 {[%clk 0:56:20]} Rda8 {[%clk 0:50:36]}
23. Kc1 {[%clk 0:53:43]} Ra1+ {[%clk 0:50:29]} 24. Kd2 {[%clk 0:53:58]} Qb4+
0-1

[Event "DVM U12 2017"]
[Site "Magdeburg GER"]
[Date "2017.12.27"]
[Round "2"]
[White "Gallasch, Jonas"]
[Black "Ponomarev, Maximilian"]
[Result "1/2-1/2"]
[Termination "normal"]
[Board "4.1"]
[WhiteElo "1877"]
[BlackElo "1764"]
[WhiteClock "00:12:09"]
[BlackClock "00:24:55"]
[WhiteTeam "SG Porz"]
[BlackTeam "SC Tarrasch 45 München"]
[PlyCount "68"]
[WhiteFideId "16222474"]
[BlackFideId "16216768"]
[EventCountry "GER"]
[EventRounds "7"]
[EventType "team-swiss"]
[EventDate "2017.12.26"]

1. Nf3 {[%clk 1:30:53]} c5 {[%clk 1:30:53]} 2. c4 {[%clk 1:30:56]} Nc6 {[%clk
1:31:10]} 3. Nc3 {[%clk 1:31:15]} g6 {[%clk 1:31:30]} 4. g3 {[%clk 1:30:43]}
Bg7 {[%clk 1:31:30]} 5. Bg2 {[%clk 1:31:03]} e6 {[%clk 1:31:54]} 6. e3 {[%clk
1:28:29]} Nge7 {[%clk 1:31:49]} 7. O-O {[%clk 1:28:33]} O-O {[%clk 1:32:14]} 8.
d4 {[%clk 1:28:35]} cxd4 {[%clk 1:32:38]} 9. Nxd4 {[%clk 1:28:58]} d5 {[%clk
1:33:06]} 10. cxd5 {[%clk 1:28:25]} Nxd4 {[%clk 1:32:05]} 11. exd4 {[%clk
1:28:45]} exd5 {[%clk 1:32:19]} 12. Bg5 {[%clk 1:28:38]} f6 {[%clk 1:29:38]}
13. Be3 {[%clk 1:28:57]} Be6 {[%clk 1:28:59]} 14. Qb3 {[%clk 1:27:58]} Qd7
{[%clk 1:25:12]} 15. Rac1 {[%clk 1:26:47]} Rac8 {[%clk 1:23:38]} 16. Rfe1
{[%clk 1:12:39]} Rfd8 {[%clk 1:14:08]} 17. Na4 {[%clk 0:54:00]} b6 {[%clk
1:10:49]} 18. Bf1 {[%clk 0:50:11]} Nf5 {[%clk 0:55:56]} 19. Ba6 {[%clk
0:45:13]} Rxc1 {[%clk 0:55:52]} 20. Rxc1 {[%clk 0:45:22]} Nxe3 {[%clk 0:56:08]}
21. Qxe3 {[%clk 0:43:51]} Bf5 {[%clk 0:46:24]} 22. Nc3 {[%clk 0:39:43]} Re8
{[%clk 0:45:30]} 23. Qf3 {[%clk 0:39:23]} Be4 {[%clk 0:39:34]} 24. Nxe4 {[%clk
0:38:06]} Rxe4 {[%clk 0:34:36]} 25. Rc8+ {[%clk 0:36:37]} Kf7 {[%clk 0:33:41]}
26. Qc3 {[%clk 0:36:06]} Re7 {[%clk 0:33:35]} 27. b3 {[%clk 0:20:04]} f5 {[%clk
0:32:32]} 28. a4 {[%clk 0:19:13]} Qe6 {[%clk 0:30:23]} 29. Rc7 {[%clk 0:15:24]}
Rxc7 {[%clk 0:27:42]} 30. Qxc7+ {[%clk 0:14:51]} Qe7 {[%clk 0:28:03]} 31. Qc6
{[%clk 0:11:15]} Qe1+ {[%clk 0:26:06]} 32. Bf1 {[%clk 0:11:32]} Qe4 {[%clk
0:24:27]} 33. Bg2 {[%clk 0:11:47]} Qe1+ {[%clk 0:24:55]} 34. Bf1 {[%clk
0:12:09]} Qe4 1/2-1/2

[Event "DVM U12 2017"]
[Site "Magdeburg GER"]
[Date "2017.12.27"]
[Round "2"]
[White "Bloch, Daniel"]
[Black "Kogan, Gabriel"]
[Result "0-1"]
[Termination "normal"]
[Board "4.2"]
[WhiteElo "1435"]
[BlackElo "1418"]
[WhiteClock "01:12:00"]
[BlackClock "01:02:12"]
[WhiteTeam "SC Tarrasch 45 München"]
[BlackTeam "SG Porz"]
[PlyCount "150"]
[WhiteFideId "16229525"]
[BlackFideId "16238265"]
[EventCountry "GER"]
[EventRounds "7"]
[EventType "team-swiss"]
[EventDate "2017.12.26"]

1. e4 {[%clk 1:30:57]} e5 {[%clk 1:30:51]} 2. Nf3 {[%clk 1:31:19]} Nc6 {[%clk
1:31:14]} 3. d4 {[%clk 1:31:44]} exd4 {[%clk 1:31:37]} 4. Bc4 {[%clk 1:32:08]}
Bc5 {[%clk 1:31:24]} 5. c3 {[%clk 1:32:30]} Nf6 {[%clk 1:25:01]} 6. cxd4 {[%clk
1:31:27]} Bb4+ {[%clk 1:25:03]} 7. Bd2 {[%clk 1:31:43]} Nxe4 8. d5 {[%clk
1:25:42]} Nxd2 {[%clk 1:21:22]} 9. Nbxd2 {[%clk 1:25:47]} Qe7+ {[%clk 1:19:12]}
10. Qe2 {[%clk 1:25:46]} Qxe2+ 11. Bxe2 {[%clk 1:26:06]} Ne7 {[%clk 1:19:18]}
12. Bc4 {[%clk 1:24:40]} O-O {[%clk 1:16:30]} 13. O-O {[%clk 1:24:20]} d6
{[%clk 1:16:12]} 14. Rfe1 {[%clk 1:21:29]} Ng6 {[%clk 1:15:45]} 15. a3 {[%clk
1:21:05]} Bc5 {[%clk 1:15:40]} 16. b4 {[%clk 1:18:43]} Bb6 {[%clk 1:15:44]} 17.
a4 {[%clk 1:16:00]} a6 {[%clk 1:15:56]} 18. a5 {[%clk 1:16:26]} Ba7 {[%clk
1:16:22]} 19. Rac1 {[%clk 1:16:23]} Bd7 {[%clk 1:15:42]} 20. Bd3 {[%clk
1:15:31]} Rac8 {[%clk 1:14:43]} 21. Bxg6 {[%clk 1:15:38]} hxg6 {[%clk 1:15:02]}
22. Re7 {[%clk 1:15:04]} Rfd8 {[%clk 1:11:24]} 23. Ng5 {[%clk 1:15:20]} f6
{[%clk 1:04:07]} 24. Ne6 {[%clk 1:13:04]} Bxe6 {[%clk 1:03:43]} 25. dxe6 {[%clk
1:13:24]} Bb8 {[%clk 1:03:01]} 26. Nf3 {[%clk 1:11:44]} Re8 {[%clk 1:02:19]}
27. Rxe8+ {[%clk 1:12:00]} Rxe8 {[%clk 1:02:46]} 28. Re1 {[%clk 1:12:21]} Kf8
{[%clk 1:02:38]} 29. Nh4 {[%clk 1:11:02]} g5 {[%clk 1:00:31]} 30. Ng6+ {[%clk
1:10:50]} Kg8 {[%clk 1:00:55]} 31. f4 {[%clk 1:11:14]} gxf4 {[%clk 1:00:25]}
32. Nxf4 {[%clk 1:11:31]} Ba7+ {[%clk 0:59:55]} 33. Kf1 {[%clk 1:11:27]} Bd4
{[%clk 0:59:05]} 34. Re4 {[%clk 1:11:46]} Be5 {[%clk 0:59:25]} 35. g3 {[%clk
1:11:53]} g5 {[%clk 0:59:18]} 36. Ng2 {[%clk 1:06:17]} Rxe6 {[%clk 0:58:52]}
37. Nf4 {[%clk 1:06:09]} gxf4 {[%clk 0:58:56]} 38. gxf4 {[%clk 1:05:32]} Kf7
{[%clk 0:57:30]} 39. fxe5 {[%clk 1:05:49]} Rxe5 {[%clk 0:57:52]} 40. Rh4 {[%clk
1:06:06]} Kg6 {[%clk 0:58:00]} 41. Rg4+ {[%clk 1:06:21]} Rg5 {[%clk 0:58:19]}
42. Re4 {[%clk 1:06:37]} c6 {[%clk 0:57:56]} 43. Re7 {[%clk 1:06:42]} Rb5
{[%clk 0:58:14]} 44. Re4 {[%clk 1:06:34]} Kf5 {[%clk 0:56:56]} 45. Rh4 {[%clk
1:06:44]} c5 {[%clk 0:56:49]} 46. bxc5 {[%clk 1:06:49]} dxc5 {[%clk 0:56:42]}
47. Ke1 {[%clk 1:06:40]} Rxa5 {[%clk 0:57:01]} 48. Kd1 {[%clk 1:06:39]} Ke5
{[%clk 0:56:36]} 49. Kc2 {[%clk 1:06:44]} Ra3 {[%clk 0:56:51]} 50. Kb2 {[%clk
1:06:39]} Rf3 {[%clk 0:57:06]} 51. Rh7 {[%clk 1:06:52]} b5 {[%clk 0:57:28]} 52.
Ra7 {[%clk 1:06:56]} Rf2+ {[%clk 0:57:37]} 53. Kc3 {[%clk 1:07:06]} Rxh2 {[%clk
0:57:41]} 54. Rxa6 {[%clk 1:07:29]} Rh4 {[%clk 0:57:27]} 55. Rc6 {[%clk
1:07:20]} Rc4+ {[%clk 0:57:40]} 56. Kb3 {[%clk 1:07:40]} f5 {[%clk 0:58:01]}
57. Rb6 {[%clk 1:07:45]} Rb4+ {[%clk 0:58:23]} 58. Kc3 {[%clk 1:07:55]} f4
{[%clk 0:58:44]} 59. Rc6 {[%clk 1:08:18]} Ke4 {[%clk 0:58:11]} 60. Re6+ {[%clk
1:07:51]} Kf3 {[%clk 0:58:28]} 61. Re5 {[%clk 1:08:14]} Kf2 {[%clk 0:57:02]}
62. Rxc5 {[%clk 1:07:47]} Rc4+ {[%clk 0:57:26]} 63. Rxc4 {[%clk 1:07:58]} bxc4
{[%clk 0:57:52]} 64. Kxc4 {[%clk 1:08:22]} Ke3 {[%clk 0:58:16]} 65. Kd5 {[%clk
1:08:44]} f3 {[%clk 0:58:41]} 66. Ke5 {[%clk 1:09:09]} f2 {[%clk 0:59:06]} 67.
Kd5 {[%clk 1:09:35]} f1=Q {[%clk 0:59:28]} 68. Kc5 {[%clk 1:09:59]} Qa6 {[%clk
0:59:40]} 69. Kd5 {[%clk 1:10:13]} Qb6 {[%clk 0:59:54]} 70. Kc4 {[%clk
1:10:23]} Qa5 {[%clk 1:00:12]} 71. Kb3 {[%clk 1:10:47]} Kd3 {[%clk 1:00:35]}
72. Kb2 {[%clk 1:11:10]} Qc3+ {[%clk 1:01:01]} 73. Ka2 {[%clk 1:11:14]} Qb4
{[%clk 1:01:20]} 74. Ka1 {[%clk 1:11:34]} Kc2 {[%clk 1:01:45]} 75. Ka2 {[%clk
1:12:00]} Qb2# {[%clk 1:02:12]} 0-1

[Event "DVM U12 2017"]
[Site "Magdeburg GER"]
[Date "2017.12.27"]
[Round "2"]
[White "Sabirov, Rafael"]
[Black "Popovici, Liviu-Daniel"]
[Result "1-0"]
[Termination "normal"]
[Board "4.3"]
[WhiteElo "1470"]
[BlackElo "1213"]
[WhiteClock "00:17:51"]
[BlackClock "01:08:52"]
[WhiteTeam "SG Porz"]
[BlackTeam "SC Tarrasch 45 München"]
[PlyCount "105"]
[WhiteFideId "16241185"]
[BlackFideId "1253689"]
[EventCountry "GER"]
[EventRounds "7"]
[EventType "team-swiss"]
[EventDate "2017.12.26"]

1. e4 c5 2. Nf3 d6 3. d4 cxd4 4. Nxd4 Nf6 5. Nc3 a6 6. Bc4 e5 7. Nb3 Be7 8. Be3
O-O 9. f3 Be6 10. Be2 Nbd7 11. Qd2 Rc8 12. O-O-O b5 13. Nd5 Bxd5 14. exd5 Qc7
15. c3 b4 16. c4 a5 17. Kb1 a4 18. Nc1 Qb7 19. g4 b3 20. a3 Nc5 21. Nd3 Nfd7
22. h4 Nxd3 23. Bxd3 Nc5 24. Be2 Rfd8 25. g5 Kf8 26. h5 Ke8 27. g6 fxg6 28.
hxg6 hxg6 29. Rhg1 Qd7 30. Bxc5 Rxc5 31. Bd3 Qb7 32. Rxg6 Bf6 33. Rgg1 Ke7 34.
Rh1 Kd7 35. Rde1 Kc8 36. f4 Kb8 37. fxe5 Bxe5 38. Qe2 Rg8 39. Rhg1 g5 40. Rg4
Rc7 41. Reg1 Bf4 42. Rxf4 Rcc8 43. Rfg4 Qg7 44. Qd2 Qe7 45. Rxg5 Rgf8 46. Qb4+
Ka8 47. Qxa4+ Kb8 48. Qxb3+ Ka8 49. Rg7 Rf7 50. Rg8 Rxg8 51. Rxg8+ Rf8 52.
Rxf8+ Qxf8 53. a4 1-0

[Event "DVM U12 2017"]
[Site "Magdeburg GER"]
[Date "2017.12.27"]
[Round "2"]
[White "Lipinsky, Pierre"]
[Black "Kazimov, Alis"]
[Result "0-1"]
[Termination "normal"]
[Board "4.4"]
[WhiteElo "1190"]
[BlackElo "1495"]
[WhiteClock "00:38:13"]
[BlackClock "01:01:39"]
[WhiteTeam "SC Tarrasch 45 München"]
[BlackTeam "SG Porz"]
[PlyCount "42"]
[WhiteFideId "16206290"]
[BlackFideId "16255348"]
[EventCountry "GER"]
[EventRounds "7"]
[EventType "team-swiss"]
[EventDate "2017.12.26"]

1. e4 {[%clk 1:30:59]} e5 {[%clk 1:30:46]} 2. Nf3 {[%clk 1:31:28]} Nc6 {[%clk
1:31:02]} 3. d4 {[%clk 1:31:58]} exd4 {[%clk 1:29:21]} 4. Nxd4 {[%clk 1:32:26]}
Nxd4 {[%clk 1:29:38]} 5. Qxd4 {[%clk 1:32:53]} d6 {[%clk 1:29:39]} 6. Bc4
{[%clk 1:33:16]} Nf6 {[%clk 1:29:49]} 7. Bg5 {[%clk 1:31:09]} Be7 {[%clk
1:29:41]} 8. Nc3 {[%clk 1:29:07]} Be6 {[%clk 1:26:35]} 9. O-O-O {[%clk
1:25:23]} h6 {[%clk 1:26:02]} 10. Bh4 {[%clk 1:24:51]} c5 {[%clk 1:23:34]} 11.
Qd3 {[%clk 1:22:01]} Ng4 {[%clk 1:19:48]} 12. Bb5+ {[%clk 1:10:46]} Bd7 {[%clk
1:17:25]} 13. Bxd7+ {[%clk 1:08:54]} Qxd7 {[%clk 1:16:53]} 14. Qg3 {[%clk
1:05:37]} g5 {[%clk 1:13:52]} 15. h3 {[%clk 0:57:21]} Ne5 {[%clk 1:12:23]} 16.
Bxg5 {[%clk 0:56:58]} hxg5 {[%clk 1:11:32]} 17. Rd5 {[%clk 0:51:29]} O-O-O
{[%clk 1:06:01]} 18. Rhd1 {[%clk 0:49:09]} Qc6 {[%clk 1:05:04]} 19. f4 {[%clk
0:41:52]} gxf4 {[%clk 1:02:57]} 20. Qxf4 {[%clk 0:40:07]} Rhg8 {[%clk 1:01:35]}
21. g4 {[%clk 0:38:13]} Bg5 {[%clk 1:01:39]} 0-1

[Event "DVM U12 2017"]
[Site "Magdeburg GER"]
[Date "2017.12.27"]
[Round "2"]
[White "Kraftsik, Christian"]
[Black "Pikalow, Michael"]
[Result "1-0"]
[Termination "normal"]
[Board "5.1"]
[WhiteElo "1607"]
[BlackElo "1504"]
[WhiteClock "00:11:06"]
[BlackClock "00:23:31"]
[WhiteTeam "SC Vaterstetten"]
[BlackTeam "USC Magdeburg"]
[PlyCount "79"]
[WhiteFideId "16242548"]
[BlackFideId "16227638"]
[EventCountry "GER"]
[EventRounds "7"]
[EventType "team-swiss"]
[EventDate "2017.12.26"]

1. d4 {[%clk 1:30:56]} Nf6 {[%clk 1:30:41]} 2. c4 {[%clk 1:31:20]} c5 {[%clk
1:30:59]} 3. Nf3 {[%clk 1:31:18]} g6 {[%clk 1:30:35]} 4. d5 {[%clk 1:31:20]} b5
{[%clk 1:30:54]} 5. e3 {[%clk 1:29:38]} Bg7 {[%clk 1:30:49]} 6. Bd3 {[%clk
1:28:48]} bxc4 {[%clk 1:30:57]} 7. Bxc4 {[%clk 1:28:45]} d6 {[%clk 1:31:11]} 8.
O-O {[%clk 1:28:10]} O-O {[%clk 1:31:06]} 9. Nc3 {[%clk 1:28:19]} Ba6 {[%clk
1:30:12]} 10. Be2 {[%clk 1:26:23]} Qa5 {[%clk 1:24:00]} 11. Bd2 {[%clk
1:23:48]} Bxe2 {[%clk 1:16:50]} 12. Nxe2 {[%clk 1:23:44]} Qb6 {[%clk 1:16:58]}
13. Bc3 {[%clk 1:23:25]} Qb7 {[%clk 1:15:22]} 14. Nf4 {[%clk 1:23:12]} Bh6
{[%clk 1:13:02]} 15. Bxf6 {[%clk 1:21:29]} exf6 {[%clk 1:10:41]} 16. Qd2 {[%clk
1:21:25]} f5 {[%clk 1:10:41]} 17. Rab1 {[%clk 1:21:15]} Bg7 {[%clk 1:10:12]}
18. b4 {[%clk 1:20:20]} c4 {[%clk 1:07:00]} 19. Rfd1 {[%clk 1:18:34]} Nd7
{[%clk 1:05:06]} 20. Qc2 {[%clk 1:17:21]} Rfc8 {[%clk 1:04:12]} 21. b5 {[%clk
1:10:12]} a6 {[%clk 0:48:41]} 22. a4 {[%clk 0:58:19]} axb5 {[%clk 0:47:28]} 23.
axb5 {[%clk 0:58:16]} Ra5 {[%clk 0:46:17]} 24. Rb4 {[%clk 0:51:48]} Rxb5 {[%clk
0:42:49]} 25. Rxc4 {[%clk 0:50:05]} Rxc4 {[%clk 0:41:28]} 26. Qxc4 {[%clk
0:50:11]} Rc5 {[%clk 0:41:31]} 27. Qa2 {[%clk 0:49:03]} Nf6 {[%clk 0:39:01]}
28. h3 {[%clk 0:40:18]} Ne4 {[%clk 0:36:07]} 29. Rb1 {[%clk 0:29:34]} Qc7
{[%clk 0:34:56]} 30. Qa8+ {[%clk 0:29:24]} Bf8 {[%clk 0:34:33]} 31. Rb8 {[%clk
0:21:22]} Rc1+ {[%clk 0:32:37]} 32. Kh2 {[%clk 0:21:38]} Qe7 {[%clk 0:32:04]}
33. Re8 {[%clk 0:21:44]} Ra1 {[%clk 0:24:46]} 34. Rxf8+ {[%clk 0:21:13]} Qxf8
{[%clk 0:24:53]} 35. Qxa1 {[%clk 0:21:35]} Qc8 {[%clk 0:25:04]} 36. Qe1 {[%clk
0:19:55]} g5 {[%clk 0:25:17]} 37. Nh5 {[%clk 0:19:37]} g4 {[%clk 0:25:16]} 38.
Nh4 {[%clk 0:16:31]} gxh3 {[%clk 0:24:00]} 39. Qa1 {[%clk 0:15:41]} Qf8 {[%clk
0:23:31]} 40. f3 {[%clk 0:11:06]} 1-0